[Event "Osijek op 3rd"]
[Site "Osijek"]
[Date "2007.12.16"]
[Round "9.4"]
[White "Jovic, Cedomir"]
[Black "Babic, Radoslav"]
[Result "1-0"]
[WhiteElo "2100"]
[BlackElo "1993"]
[PlyCount "31"]
[EventDate "2007.12.08"]
[EventType "swiss"]
[EventRounds "9"]
[EventCountry "CRO"]
[SourceTitle "CBM 121 Extra"]
[Source "ChessBase"]
[SourceDate "2008.01.10"]
[SourceVersion "1"]
[SourceVersionDate "2008.01.10"]
[SourceQuality "1"]

1. Nf3 Nf6 2. g3 c5 3. Bg2 Nc6 4. c4 d6 5. 0-0 Bg4 6. h3 Bf5 7. Nc3 Qd7 8. Kh2 e5 9. d3 h6 10. Ne1 Be7 11. Nc2 0-0 12. e4 Bh7 13. f4 Nd4 14. Ne3 a6 15. f5 b5 16. g4 1-0

[Event "Osijek op 3rd"]
[Site "Osijek"]
[Date "2007.12.15"]
[Round "8.1"]
[White "Leventic, Ivan"]
[Black "Jovic, Cedomir"]
[Result "1-0"]
[WhiteElo "2499"]
[BlackElo "2100"]
[PlyCount "67"]
[EventDate "2007.12.08"]
[EventType "swiss"]
[EventRounds "9"]
[EventCountry "CRO"]
[SourceTitle "CBM 121 Extra"]
[Source "ChessBase"]
[SourceDate "2008.01.10"]
[SourceVersion "1"]
[SourceVersionDate "2008.01.10"]
[SourceQuality "1"]

1. e4 d6 2. d4 Nf6 3. Nc3 g6 4. Be3 Bg7 5. h3 0-0 6. Nf3 c6 7. a4 Qc7 8. a5 Nbd7 9. Be2 b5 10. axb6 Nxb6 11. 0-0 Nfd7 12. Qd2 a5 13. Bh6 Ba6 14. Qf4 Bxe2 15. Nxe2 a4 16. Qh4 Bf6 17. Ng5 Rfb8 18. f4 Nc4 19. e5 dxe5 20. fxe5 Ncxe5 21. dxe5 Qxe5 22. Qg4 Qc5+ 23. Kh1 Ne5 24. Qh4 Qxc2 25. Rxf6 exf6 26. Nxh7 Nd7 27. Nxf6+ Nxf6 28. Qxf6 Qxb2 29. Nc3 Qxa1+ 30. Kh2 Qxc3 31. Qxc3 f6 32. Qxf6 Rb7 33. Qxg6+ Kh8 34. Bg5 1-0

[Event "Osijek op 3rd"]
[Site "Osijek"]
[Date "2007.12.14"]
[Round "7.1"]
[White "Mrkonjic, Nenad"]
[Black "Jovic, Cedomir"]
[Result "1/2-1/2"]
[WhiteElo "2354"]
[BlackElo "2100"]
[PlyCount "141"]
[EventDate "2007.12.08"]
[EventType "swiss"]
[EventRounds "9"]
[EventCountry "CRO"]
[SourceTitle "CBM 121 Extra"]
[Source "ChessBase"]
[SourceDate "2008.01.10"]
[SourceVersion "1"]
[SourceVersionDate "2008.01.10"]
[SourceQuality "1"]

1. c4 c5 2. Nc3 Nc6 3. g3 g6 4. Bg2 Bg7 5. e4 Nf6 6. Nge2 0-0 7. 0-0 Ne8 8. d3 Nc7 9. Be3 Ne6 10. Qd2 Rb8 11. f4 Ned4 12. e5 Nxe2+ 13. Nxe2 d6 14. exd6 Qxd6 15. Nc3 Nd4 16. Ne4 Qc7 17. Rab1 Rd8 18. a3 b6 19. b4 cxb4 20. axb4 Nf5 21. Bf2 Bb7 22. Rfd1 Bd4 23. Qe2 Rd7 24. Bxd4 Rxd4 25. Re1 Rbd8 26. Nf2 Bxg2 27. Kxg2 h5 28. Qf3 Qd7 29. b5 Nh6 30. Re4 Ng4 31. Rbe1 Nxf2 32. Qxf2 Rxe4 33. dxe4 Qd3 34. Qe2 Qxe2+ 35. Rxe2 Rd4 36. Rc2 Rxe4 37. c5 bxc5 38. Rxc5 Re2+ 39. Kg1 Ra2 40. Rc7 Kf8 41. Rb7 f6 42. b6 axb6 43. Rxb6 h4 44. Rb8+ Kf7 45. Rh8 hxg3 46. hxg3 Ke6 47. Rh7 Ra7 48. Kg2 Kf5 49. Kh3 g5 50. fxg5 Kxg5 51. Rg7+ Kf5 52. Rh7 Kg6 53. Rh8 e5 54. Kg4 Ra3 55. Rg8+ Kf7 56. Rb8 Ra1 57. Kf3 Kg6 58. Rg8+ Kf5 59. g4+ Ke6 60. Re8+ Kf7 61. Rb8 Rf1+ 62. Kg2 Rf4 63. Kg3 Ra4 64. Rc8 Ra3+ 65. Kg2 Kg6 66. Rg8+ Kh7 67. Re8 Kh6 68. Rg8 e4 69. Kf2 Kh7 70. Re8 Rf3+ 71. Kg2 1/2-1/2

[Event "Novi Becej op 25th"]
[Site "Novi Becej"]
[Date "2007.06.14"]
[Round "6"]
[White "Jovic, Cedomir"]
[Black "Sevo, Dusan"]
[Result "0-1"]
[WhiteElo "2132"]
[BlackElo "2279"]
[PlyCount "36"]
[EventDate "2007.06.09"]
[EventType "swiss"]
[EventRounds "9"]
[EventCountry "YUG"]
[SourceTitle "CBM 118 Extra"]
[Source "ChessBase"]
[SourceDate "2007.07.04"]
[SourceVersion "1"]
[SourceVersionDate "2007.07.04"]
[SourceQuality "1"]

1. c4 g6 2. Nc3 Bg7 3. g3 d6 4. Bg2 c5 5. e4 Nc6 6. Nge2 e6 7. d3 Nge7 8. Be3 Nd4 9. Rb1 0-0 10. 0-0 Nec6 11. a3 Rb8 12. b4 b6 13. Qd2 Bb7 14. Bh6 Ne5 15. Bxg7 Ndf3+ 16. Bxf3 Nxf3+ 17. Kg2 Nxd2 18. Bxf8 Qxf8 0-1

[Event "Novi Becej op 25th"]
[Site "Novi Becej"]
[Date "2007.06.13"]
[Round "5"]
[White "Nestorovic, Dejan"]
[Black "Jovic, Cedomir"]
[Result "1-0"]
[WhiteElo "2384"]
[BlackElo "2132"]
[PlyCount "63"]
[EventDate "2007.06.09"]
[EventType "swiss"]
[EventRounds "9"]
[EventCountry "YUG"]
[SourceTitle "CBM 118 Extra"]
[Source "ChessBase"]
[SourceDate "2007.07.04"]
[SourceVersion "1"]
[SourceVersionDate "2007.07.04"]
[SourceQuality "1"]

1. d4 g6 2. c4 Bg7 3. e4 d6 4. Nc3 c5 5. d5 Bxc3+ 6. bxc3 Nf6 7. Bd3 Qa5 8. Bd2 0-0 9. Nf3 b5 10. cxb5 c4 11. Bxc4 Nxe4 12. Nd4 a6 13. 0-0 Nxd2 14. Qxd2 axb5 15. Bxb5 Ba6 16. a4 Bxb5 17. Nxb5 Na6 18. Qg5 Rfe8 19. h4 Nc5 20. Rfe1 Qd8 21. Nd4 Qd7 22. a5 Ra6 23. Re3 e6 24. h5 Qe7 25. Qg3 Qf6 26. Rae1 Rc8 27. dxe6 Nxe6 28. Nxe6 fxe6 29. Rxe6 Qxc3 30. Re8+ Kg7 31. R1e7+ Kh6 32. Rxh7+ 1-0

[Event "Novi Becej op 25th"]
[Site "Novi Becej"]
[Date "2007.06.12"]
[Round "4"]
[White "Jovic, Cedomir"]
[Black "Misojcic, Miroslav"]
[Result "1-0"]
[WhiteElo "2132"]
[BlackElo "2254"]
[PlyCount "98"]
[EventDate "2007.06.09"]
[EventType "swiss"]
[EventRounds "9"]
[EventCountry "YUG"]
[SourceTitle "CBM 118 Extra"]
[Source "ChessBase"]
[SourceDate "2007.07.04"]
[SourceVersion "1"]
[SourceVersionDate "2007.07.04"]
[SourceQuality "1"]

1. c4 e6 2. Nf3 Nf6 3. g3 d5 4. b3 c5 5. Bb2 Nc6 6. e3 Be7 7. Bg2 0-0 8. 0-0 b6 9. Qe2 Bb7 10. d3 Qc7 11. Nc3 Rad8 12. Rfd1 a6 13. Rac1 d4 14. exd4 Nxd4 15. Nxd4 cxd4 16. Ne4 e5 17. Nxf6+ Bxf6 18. Bxb7 Qxb7 19. Rf1 Rfe8 20. Rce1 g6 21. f4 e4 22. Qg2 Bg7 23. Rxe4 Rxe4 24. Qxe4 Qxe4 25. dxe4 Bf8 26. Rd1 b5 27. Kf1 bxc4 28. Rxd4 Rxd4 29. Bxd4 cxb3 30. axb3 f5 31. Ke2 Kf7 32. Kf3 Ke6 33. h3 h5 34. g4 hxg4+ 35. hxg4 fxg4+ 36. Kxg4 Bb4 37. Kg5 Bd2 38. Be5 Kf7 39. Bc7 Be1 40. Kg4 Ke6 41. Bb8 Bd2 42. Kf3 Bb4 43. Ke3 Ba5 44. Kd3 Bb4 45. Ba7 Bd6 46. Be3 Ba3 47. Kc4 Kd6 48. Bd2 Ke6 49. b4 Kd6 1-0

[Event "Novi Becej op 25th"]
[Site "Novi Becej"]
[Date "2007.06.11"]
[Round "3"]
[White "Todic, Miroslav"]
[Black "Jovic, Cedomir"]
[Result "0-1"]
[WhiteElo "1991"]
[BlackElo "2132"]
[PlyCount "120"]
[EventDate "2007.06.09"]
[EventType "swiss"]
[EventRounds "9"]
[EventCountry "YUG"]
[SourceTitle "CBM 118 Extra"]
[Source "ChessBase"]
[SourceDate "2007.07.04"]
[SourceVersion "1"]
[SourceVersionDate "2007.07.04"]
[SourceQuality "1"]

1. d4 g6 2. c4 Bg7 3. Nc3 d6 4. e4 Nc6 5. Be3 e5 6. d5 Nce7 7. Bd3 f5 8. g3 Nf6 9. f3 0-0 10. Nge2 c5 11. 0-0 Bd7 12. Rb1 fxe4 13. Nxe4 Nf5 14. Qd2 Qe7 15. N2c3 Nd4 16. Bg5 Rf7 17. Kg2 Bf5 18. Rf2 Qd7 19. Nxf6+ Bxf6 20. Ne4 Bxe4 21. Bxe4 b5 22. b3 b4 23. h4 Bxg5 24. Qxg5 Qe7 25. Qh6 Qf8 26. Qg5 Qg7 27. Rh1 Qf6 28. Qg4 Kh8 29. h5 g5 30. h6 a5 31. Rh5 Rg8 32. Rh1 Nf5 33. Bxf5 Qxf5 34. Qxf5 Rxf5 35. g4 Rf6 36. Kg3 Rgg6 37. Rfh2 Rf4 38. Re1 Rgf6 39. Re3 Kg8 40. Rh5 Rg6 41. Kg2 Kf7 42. Kg3 Rg8 43. Kf2 Kg6 44. Rh2 Ra8 45. Ke1 a4 46. Kf2 axb3 47. axb3 Ra2+ 48. Re2 Ra3 49. Re3 Rd4 50. Kg3 Kf6 51. Rb2 Rxc4 52. Rxe5 dxe5 53. bxc4 e4 54. Re2 Rxf3+ 55. Kg2 Ke5 56. d6 Rd3 57. Rf2 Rxd6 58. Rf5+ Kd4 59. Rxg5 Rxh6 60. Kf2 b3 0-1

[Event "Treber Memorial 4th"]
[Site "Vinkovci"]
[Date "2007.03.06"]
[Round "7.8"]
[White "Mladenovic, Velisa"]
[Black "Jovic, Cedomir"]
[Result "1/2-1/2"]
[WhiteElo "2217"]
[BlackElo "2124"]
[PlyCount "35"]
[EventDate "2007.03.02"]
[EventType "swiss"]
[EventRounds "7"]
[EventCountry "CRO"]
[SourceTitle "CBM 117 Extra"]
[Source "ChessBase"]
[SourceDate "2007.05.09"]
[SourceVersion "1"]
[SourceVersionDate "2007.05.09"]
[SourceQuality "1"]

1. d4 d6 2. Nf3 g6 3. e4 Bg7 4. c3 Nf6 5. Bd3 0-0 6. 0-0 Nc6 7. Re1 e5 8. dxe5 Nxe5 9. Nxe5 dxe5 10. Bg5 h6 11. Be3 Qe7 12. Qc1 Kh7 13. Nd2 b6 14. a4 a6 15. a5 Ng4 16. axb6 Nxe3 17. Rxe3 cxb6 18. Qf1 1/2-1/2

[Event "Vukovar VSZ-ch"]
[Site "Vukovar"]
[Date "2005.07.30"]
[Round "2"]
[White "Mrkonjic, Nenad"]
[Black "Jovic, Cedomir"]
[Result "1-0"]
[WhiteElo "2360"]
[BlackElo "2082"]
[PlyCount "109"]
[EventDate "2005.07.29"]
[EventType "swiss"]
[EventRounds "9"]
[EventCountry "CRO"]
[SourceTitle "CBM 107 Extra"]
[Source "ChessBase"]
[SourceDate "2005.09.01"]
[SourceVersion "1"]
[SourceVersionDate "2005.09.01"]
[SourceQuality "1"]

1. e4 g6 2. d4 Bg7 3. c3 d6 4. Bd3 Nc6 5. Ne2 e5 6. Be3 Nh6 7. f3 f5 8. Qd2 f4 9. Bf2 0-0 10. Bc4+ Kh8 11. Na3 g5 12. h3 a6 13. 0-0-0 Rb8 14. Bd5 Qe8 15. Kb1 Ne7 16. Bb3 b5 17. dxe5 Bxe5 18. Ba7 Rb7 19. Bd4 Ng6 20. Nc2 a5 21. a3 Be6 22. Bxe6 Qxe6 23. Bxe5+ Nxe5 24. Qd5 Qxd5 25. Rxd5 Nhf7 26. h4 g4 27. fxg4 Nxg4 28. Nxf4 Nfe5 29. g3 Nf6 30. Rd4 Rg8 31. Rf1 Rxg3 32. Nd5 c5 33. Rdd1 Nxe4 34. Rf8+ Rg8 35. Rf4 Rg4 36. Re1 Rxf4 37. Nxf4 Nd2+ 38. Ka1 b4 39. cxb4 axb4 40. Ne6 b3 41. Ne3 Re7 42. Nf4 Nef3 43. Re2 Nd4 44. Rxd2 Rxe3 45. Rd1 Re4 46. Rf1 c4 47. Nh5 Re8 48. Kb1 Nc2 49. Kc1 d5 50. Rf7 d4 51. Nf6 Re1+ 52. Kd2 c3+ 53. bxc3 dxc3+ 54. Kxc3 Re3+ 55. Kb2 1-0

[Event "Borovo op"]
[Site "Borovo"]
[Date "2003.??.??"]
[Round "8"]
[White "Drmic, Tomislav"]
[Black "Jovic, Cedomir"]
[Result "1-0"]
[WhiteElo "2124"]
[BlackElo "2044"]
[PlyCount "63"]
[EventDate "2003.??.??"]
[EventType "swiss"]
[EventRounds "9"]
[EventCountry "CRO"]
[SourceTitle "EXT 2005"]
[Source "ChessBase"]
[SourceDate "2004.11.15"]
[SourceVersion "1"]
[SourceVersionDate "2004.11.15"]
[SourceQuality "1"]

1. e4 d6 2. d4 g6 3. Be3 Bg7 4. Bc4 c6 5. Bb3 Nf6 6. f3 b5 7. c3 Nbd7 8. a4 Bb7 9. axb5 cxb5 10. Ne2 0-0 11. 0-0 Qc7 12. Nd2 Nb6 13. d5 a5 14. Nd4 a4 15. Bc2 Ba6 16. Bd3 Nc4 17. Bxc4 bxc4 18. Rxa4 Nd7 19. Qa1 Nc5 20. Ra3 Bb7 21. Qa2 Rxa3 22. Qxa3 Ra8 23. Qb4 Ra4 24. Qb5 Qd7 25. Nc6 Ra8 26. Bxc5 dxc5 27. Nxc4 e6 28. Nb6 Qe8 29. Nxa8 Qxa8 30. Qxc5 exd5 31. exd5 Bc8 32. Qb6 1-0

[Event "Borovo op"]
[Site "Borovo"]
[Date "2003.??.??"]
[Round "4"]
[White "Jovic, Cedomir"]
[Black "Masirevic, Miroljub"]
[Result "1/2-1/2"]
[WhiteElo "2044"]
[BlackElo "2092"]
[PlyCount "41"]
[EventDate "2003.??.??"]
[EventType "swiss"]
[EventRounds "9"]
[EventCountry "CRO"]
[SourceTitle "EXT 2005"]
[Source "ChessBase"]
[SourceDate "2004.11.15"]
[SourceVersion "1"]
[SourceVersionDate "2004.11.15"]
[SourceQuality "1"]

1. c4 c5 2. Nc3 Nc6 3. b3 g6 4. Bb2 Bg7 5. Nf3 Nf6 6. g3 0-0 7. Bg2 b6 8. 0-0 Bb7 9. d3 e6 10. Rc1 d5 11. cxd5 exd5 12. d4 cxd4 13. Nxd4 Nxd4 14. Qxd4 Ne4 15. Qd3 Bxc3 16. Bxc3 Nxc3 17. Rxc3 Qd6 18. Rfc1 Rfd8 19. Rc7 Rab8 20. h4 a5 21. e3 1/2-1/2

[Event "Bela Crkva 6th op"]
[Site "Bela Crkva"]
[Date "1987.06.24"]
[Round "5"]
[White "Cabrilo, Goran"]
[Black "Jovic, Cedomir"]
[Result "0-1"]
[WhiteElo "2435"]
[BlackElo "2260"]
[PlyCount "66"]
[EventDate "1987.06.20"]
[EventType "swiss"]
[EventRounds "11"]
[EventCountry "YUG"]
[SourceTitle "EXT 2010"]
[Source "ChessBase"]
[SourceDate "2010.11.25"]
[SourceVersion "1"]
[SourceVersionDate "2010.11.25"]
[SourceQuality "1"]

1. e4 c5 2. Nf3 Nc6 3. d4 cxd4 4. Nxd4 Nf6 5. Nc3 g6 6. Nb3 Bg7 7. Be2 0-0 8. 0-0 d6 9. Kh1 Be6 10. Bg5 Na5 11. f4 Nc4 12. f5 Nxb2 13. Qc1 Bc4 14. e5 Bxe2 15. Nxe2 Ne4 16. f6 exf6 17. exf6 Nxg5 18. Qxg5 Re8 19. Nbd4 Bf8 20. Rab1 Re5 21. Qg3 Nc4 22. Rxb7 Rc8 23. Qb3 d5 24. Qh3 Rc7 25. Rxc7 Qxc7 26. Qg3 Bd6 27. Nb5 Qd8 28. Nxd6 Qxd6 29. Nd4 Nd2 30. Rf5 Re8 31. Qh4 Re4 32. g4 Rxd4 33. Rh5 Qf4 0-1